Quizzes
Events
Quiz Creation
Community
Videos
Private Events
Remove Ads
Sign In
Join for FREE
Feedback
Dark Mode
Quiz Categories
Sports
Geography
Music
Movies
Television
Just For Fun
Miscellaneous
History
Literature
Language
Science
Gaming
Entertainment
Religion
Holiday
For Kids
Quiz Lab
Recent
Popular Today
Quiz Kudos Today
Editor Picks
Curator Picks
Quizzes by...
Day
Popularity
Type
Ratings
Length
Year
Community
Subscriptions
Recent Discussions
Orange Saloon
Badges
Playlists
Quests
Create
Leaderboards
Showdown
Live 5
Trivia Bingo
Activity
Puzzle Library
Sporcle Events
Private Events
Virtual Trivia
Globe League
Become a Host
Pub Owners
SporcleCon
Opinionation
Our Games
Videos
Blog
Mobile Apps
Partnerships
Remove Ads and Go Orange
Feedback
Television
TV Characters
TV Show
Sitcom
Network
Friends
Reality Shows
Cast
South Park
Star Trek
The Simpsons
Doctor Who
Television
TV Characters
TV Show
Sitcom
Network
Friends
Reality Shows
Cast
South Park
Star Trek
The Simpsons
Doctor Who
Random Quiz
Search Sporcle
×
Quiz Lab
Quiz Lab
Television
nci
Type in answers that appear in a list
Type in answers that appear in a list
Classic
Best Score? Go Orange.
NCIS Character Profiles Stats
Can you name the facts about NCIS characters?
By
crow_t_robot
10m
60 Questions
4,805 Plays
4,805 Plays
4,805 Plays
Comments
Comments
Give Quiz Kudos
Give Quiz Kudos
-
- Ratings
hide this ad
Forced Order
Answers have to be entered in order
Answers have to be entered in order
Replay
Link that replays current quiz
Next Quiz
Link to next quiz in quiz playlist
You Got
0%
They Got
Avg Score
53%
Avg Friend Score
Upgrade to see
Score Distribution
Jump to the score distribution portion of the page
Score
0/60
Timer
10:00
0
Plays Today
Character
Answer
% Correct
Gibbs
Leroy Jethro Gibbs
93.9%
Gibbs
4
93%
DiNozzo
Anthony DiNozzo, Jr.
87.1%
Gibbs
Kelly
87%
Gibbs
Jenny Shepard
86.6%
Gibbs
Mike Franks
83.9%
McGee
Timothy McGee
80.6%
Gibbs
Shannon
78.8%
Ziva
Caitlin Todd
78.5%
Gibbs
Gunnery Seargent, USMC
77.9%
Ziva
Ziva David
77.9%
Ziva
Ari Haswari
75.1%
McGee
Probie
74.9%
Abby
McGee
72.6%
DiNozzo
basketball
72%
Abby
coffin
71.8%
Ziva
Mossad
71.7%
Ziva
Eli David
69.1%
McGee
MIT, Johns Hopkins
67.6%
DiNozzo
The Frog
67.4%
DiNozzo
Dr. Jeanne Benoit
67.3%
Abby
hippopotamus
66.9%
Abby
fart
66.4%
Abby
Caf-Pow
65.8%
DiNozzo
Y-Pestis
65.3%
Ziva
Director of Mossad
63.9%
Ziva
Star of David
63.6%
Ducky
Jimmy Palmer
60.2%
Ducky
Dr. Donald Mallard
59.1%
DiNozzo
Baltimore Homicide Detective
57%
Character
Answer
% Correct
DiNozzo
Senior Field Agent
55.5%
Ziva
Michael Rivkin
53.9%
DiNozzo
Ohio State University
53.8%
Abby
Chip
50%
Abby
Abigail Sciuto
49.5%
Ducky
Gerald Jackson
48.4%
Gibbs
Stillwater, PA
48.2%
Gibbs
Bourbon
47.9%
Ducky
Medical Examiner
46.1%
Ducky
bowtie
46%
McGee
Sarah
44.6%
McGee
Deep Six
43.1%
Ducky
Scottish
39.6%
Ziva
Somalia
35.5%
McGee
Elf Lord
33.3%
Ziva
Chilean
30.4%
Ducky
forensic psychology
30%
Gibbs
UCLA
29.5%
Abby
New Orleans, LA
29.5%
McGee
Thom E. Gemcity
26.4%
DiNozzo
Jessica Alba
25.5%
DiNozzo
Robert Wagner
23.3%
McGee
Donald Bellisario
21.8%
McGee
Junior Field Agent
19.7%
McGee
Washington Redskins
19.4%
Ducky
Morgan
17.8%
Abby
forensic specialist
16.9%
Ducky
Illya Kuryakin
5.3%
Abby
Malaria
4.3%
Ducky
Royal Army Medical Corps
3%
Quiz Playlist
Details
Report
Send in Message
Add To Playlist
Classic:
Type in answers that appear in a list
Forced Order:
Answers have to be entered in order
Quiz Source
Last Updated: Feb 28, 2017
Quiz Scoreboard
CHALLENGE
Sign Up to Join the Scoreboard
Show All
Scores
Hide
Comments
May contain spoilers
Recently Published
Billboard Blitz: Fleetwood Mac
by CooCooCachoo
Music
15s
Presidents Visiting Landmarks
by Hejman
History
7m
An Introduction to Baseball
by treessimontrees
Sports
5m
More to Explore
Quiz From the Vault
Featured Blog Post
Where Did the Easter Bunny Come From?
hide this ad
You Might Also Like...
Tags
Character
nci
profile
Today's Top Quizzes in Television
Browse Television
hide this ad
Top Contributed Quizzes in Television
1
5-to-1: The Simpsons Families
2
5-to-1: Television Doctors
3
7-to-1: TV Show Settings
4
One Piece Logic Puzzle
5
5-to-1: Streaming Originals
6
Survivor Seasons
7
Survivor Logic Puzzle: Heroes vs. Villains
8
TV Shows by First Names
9
Survivor Season by Logo
10
Survivor Trivia
Explore More
Trending Topics
Harry Potter
Crossword
Marvel
Disney
Kpop
Anime
NBA
Pokémon
Puzzle
Soccer
WWE
Country
NFL
The Office
Song
hide this ad
More By:
crow_t_robot
Quiz
Plays
Rating
Category
Featured
Created
Numbers in Music
98,804
4.32
Music
Nov 3, 2009
Numbers in Music II
68,091
4.14
Music
Nov 17, 2009
Arrested Development Tough Trivia
48,854
4.50
Television
Dec 1, 2009
Star Wars in Family Guy
28,013
4.13
Television
Jan 9, 2010
'Carmen Sandiego' Theme
12,431
4.64
Television
Dec 19, 2010
Go to Creator's Profile
Score Distribution
Quiz Creator Spotlight
crow_t_robot
Follow
Send a Message
Quizzes Created
-
Created Quiz Play Count
-
More By This Creator
Popular Quizzes Today
1
Find the US States - No Outlines Minefield
2
Find the Countries of Europe - No Outlines Minefield
3
The Countries of the World
4
Find the US States
5
US States
6
Risky Map Clicking: Biggest States A-Z
7
Popular People in 1961
8
Movies - When Are They Set?
More Television Quizzes
Gay or Not TV Edition
Quiz Lab
Trending Quizzes
Risky Map Clicking: Least Populous States A-Z
1-10 Letter G Words
1-10 Letter F Words
Risky Map Clicking: Next State Alphabetically
Risky Map Clicking: Biggest States A-Z
Recently Updated
Leaping Animals
pecheneg
Reality TV Shows (A-Z)
bhenderson79
Rickey Henderson's Hall of Fame Teammates
pecheneg
Champions League XIs: Arsenal
pecheneg
Quick Pick: Celebrities in WWE's Hall of Fame
aduchscher
A-Z Keypad Blitz II
pecheneg
Multiple Oscar Actors
pecheneg
Mystery Phrase Blitz: Oscar 'Best Actors'
pecheneg
F. Scott Fitzgerald Novels
LTH
Pick 3 Villains
ddd62291
Trending Topics
Kpop
Harry Potter
Anime
Disney
Crossword
NBA
Marvel
NFL
Puzzle
Song
WWE
Country
The Office
Pokémon
Soccer
Your Account Isn't Verified!
In order to create a playlist on Sporcle, you need to verify the email address you used during registration. Go to your
Sporcle Settings
to finish the process.
Report this User
Report this user for behavior that violates our
Community Guidelines
.
Details:
Send Report
Go to the Sporcle.com Mobile Site →
Comments